A personalidade da criança (Registo nº 1211)

Detalhes MARC
000 -Etiqueta do registo
Valores 00588nam a22001571i 4500
090 ## -
-- 1211
100 ## - Dados gerais de processamento
Dados gerais 20170304u u u0frey50 ba
101 1# - Língua de publicação
-- por
-- fra
200 1# - Titulo e menção de responsabilidade
Primeira menção de responsabilidade Roger Mucchielli
Título próprio A personalidade da criança
Informação de outro título sua formação do nascimento até ao fim da adolescência
215 ## - Descrição física 
Paginação / Volumes 222, [2] p.
Outras indicações físicas il.
Dimensões 22 cm
210 ## - Publicação
Nome do editor Livraria Clássica
Local de publicação Lisboa
Data de publicação imp. 1976
702 #1 - Autor secundário (pessoa individual)
Apelido Costa
Nome Raquel Pinto da
-- 730
700 #1 - Autor principal (pessoa individual)
Apelido Mucchielli
Nome Roger
-- 070
996 ## - ISO2709
-- 0001307
-- MUC
-- 00000000
-- 00000000
-- BMVA
-- 1
-- Viana do Alentejo
-- Educação. Ensino. Pedagogia
-- 21
-- Livro
-- 0
-- 1
990 ## - Elementos KOHA
Tipo de documento Livro
Exemplares
Situação do levantamento Estado Biblioteca de origem Biblioteca de empréstimo Código de barras Cota Permissão de empréstimo Tipo de documento Nota relativa ao exemplar
  Completo Biblioteca Municipal de Viana Do Alentejo Biblioteca Municipal de Viana Do Alentejo 0001310 159.9 MUC Disponível Livro Em depósito caixa 34 VNT




Powered by Koha